000 00303nam a22001337a 4500
008 171130b xxu||||| |||| 00| 0 eng d
020 _a9780742510500
041 _aeng
080 _a316
100 _a50
101 _aSOC
245 _aANITEFEMINISM AND FAMILY TERRORISM
_cHAMMER,R
942 _2udc
_cBK
999 _c38632
_d38632